|
|
|
|
| LEADER |
01894nam a2200373 a 4500 |
| 001 |
EBC692447 |
| 003 |
MiAaPQ |
| 005 |
20200520144314.0 |
| 006 |
m o d | |
| 007 |
cr cn||||||||| |
| 008 |
100923s2011 caua sb 001 0 eng d |
| 010 |
|
|
|z 2010040855
|
| 020 |
|
|
|z 9780804763646 (alk. paper)
|
| 020 |
|
|
|a 9780804777544 (electronic bk.)
|
| 035 |
|
|
|a (MiAaPQ)EBC692447
|
| 035 |
|
|
|a (Au-PeEL)EBL692447
|
| 035 |
|
|
|a (CaPaEBR)ebr10470176
|
| 035 |
|
|
|a (OCoLC)726734851
|
| 040 |
|
|
|a MiAaPQ
|c MiAaPQ
|d MiAaPQ
|
| 050 |
|
4 |
|a HD58.7
|b .F585 2011
|
| 082 |
0 |
4 |
|a 658.4
|2 22
|
| 100 |
1 |
|
|a Flamholtz, Eric.
|
| 245 |
1 |
0 |
|a Corporate culture
|h [electronic resource] :
|b the ultimate strategic asset /
|c Eric G. Flamholtz and Yvonne Randle.
|
| 260 |
|
|
|a Stanford, Calif. :
|b Stanford Business Books,
|c 2011.
|
| 300 |
|
|
|a xiii, 244 p. :
|b ill.
|
| 504 |
|
|
|a Includes bibliographical references and index.
|
| 505 |
0 |
|
|a Corporate culture : the invisible asset -- A framework for culture management. Part I -- A framework for culture management. Part II -- Managing the customer orientation dimension of culture -- Managing the people orientation dimension of culture -- Managing the performance standards/accountability dimension of culture -- Managing the innovation and change dimension of culture -- Managing the "company process orientation" dimension of culture -- The dark side of corporate culture -- Leading culture management and culture "transformations."
|
| 533 |
|
|
|a Electronic reproduction. Ann Arbor, MI : ProQuest, 2015. Available via World Wide Web. Access may be limited to ProQuest affiliated libraries.
|
| 650 |
|
0 |
|a Corporate culture.
|
| 650 |
|
0 |
|a Industrial management.
|
| 655 |
|
4 |
|a Electronic books.
|
| 700 |
1 |
|
|a Randle, Yvonne.
|
| 710 |
2 |
|
|a ProQuest (Firm)
|
| 856 |
4 |
0 |
|u https://ebookcentral.proquest.com/lib/matrademy/detail.action?docID=692447
|z Click to View
|